Изобразительное искусство: живопись, графика, скульптура: учебно-методическое пособие

Bibliographic Details
Main Author: Адам Е. А. Евгения Альбертовна
Corporate Author: Национальный исследовательский Томский политехнический университет
Other Authors: Александров О. А. Олег Анатольевич
Summary:Заглавие с титульного экрана
Текст на немецком языке
Цель пособия - обучение студентов чтению немецких текстов, соответствующих их будущей профессиональной деятельности, и развитие у них практических навыков общения на данном иностранном языке.Предназначено для студентов, изучающих немецкий язык в высших учебных заведениях по специальности “Дизайн”, а также для тех, кто желает усовершенствовать знания иностранного языка по вопросам истории искусства, живописи, графики, скульптуры
Режим доступа: из корпоративной сети ТПУ
Language:German
Published: Томск, Изд-во ТПУ, 2013
Subjects:
Online Access:http://www.lib.tpu.ru/fulltext2/m/2013/m364.pdf
Format: Electronic Book
KOHA link:https://koha.lib.tpu.ru/cgi-bin/koha/opac-detail.pl?biblionumber=246770

MARC

LEADER 00000nlm0a2200000 4500
001 246770
005 20250528144509.0
035 |a (RuTPU)RU\TPU\book\268231 
090 |a 246770 
100 |a 20131209d2013 m y0rusy50 ca 
101 0 |a ger 
102 |a RU 
105 |a a j 001zy 
135 |a drnn ---uucaa 
181 0 |a i  
182 0 |a b 
200 1 |a Изобразительное искусство: живопись, графика, скульптура  |d Die Bildende Kunst: Malerei, Grafik, Skulptur  |e учебно-методическое пособие  |f Е. А. Адам, О. А. Александров  |g Национальный исследовательский Томский политехнический университет (ТПУ), Институт международного образования и языковой коммуникации (ИМОЯК), Кафедра немецкого языка (НЯ) 
203 |a Текст  |c электронный 
210 |a Томск  |c Изд-во ТПУ  |d 2013 
300 |a Заглавие с титульного экрана 
300 |a Текст на немецком языке 
330 |a Цель пособия - обучение студентов чтению немецких текстов, соответствующих их будущей профессиональной деятельности, и развитие у них практических навыков общения на данном иностранном языке.Предназначено для студентов, изучающих немецкий язык в высших учебных заведениях по специальности “Дизайн”, а также для тех, кто желает усовершенствовать знания иностранного языка по вопросам истории искусства, живописи, графики, скульптуры 
333 |a Режим доступа: из корпоративной сети ТПУ 
337 |a Adobe Reader 
510 1 |a Die Bildende Kunst: Malerei, Grafik, Skulptur  |z ger 
606 1 |a Немецкий язык  |x Учебные руководства и пособия для вузов  |2 stltpush  |3 (RuTPU)RU\TPU\subj\45394  |9 64636 
610 1 |a лексика 
610 1 |a грамматика 
610 1 |a языковая подготовка 
610 1 |a чтение 
610 1 |a переводы 
610 1 |a труды учёных ТПУ 
610 1 |a профессиональный немецкий язык 
610 1 |a электронный ресурс 
686 |a Ш143.24-923  |2 rubbk 
700 1 |a Адам  |b Е. А.  |g Евгения Альбертовна 
701 1 |a Александров  |b О. А.  |c лингвист  |c доцент Томского политехнического университета, кандидат филологических наук  |f 1979-  |g Олег Анатольевич  |3 (RuTPU)RU\TPU\pers\24739 
712 0 2 |a Национальный исследовательский Томский политехнический университет  |c (2009- )  |9 26305 
801 1 |a RU  |b 63413507  |c 20101228 
801 2 |a RU  |b 63413507  |c 20161201  |g RCR 
850 |a 63413507 
856 4 |u http://www.lib.tpu.ru/fulltext2/m/2013/m364.pdf 
942 |c CF